Bizans metropolünde ilk Türk köyü (Record no. 4402)
[ view plain ]
| 000 -BAŞLIK | |
|---|---|
| Sabit Uzunlukta Kontrol Alanı | 00732na a2200253 4500 |
| 001 - KONTROL NUMARASI | |
| Denetim Alanı | 16827 |
| 003 - KONTROL NUMARASI IDENTIFIER | |
| Denetim Alanı | MIRAKIL |
| 005 - SON İŞLEM TARİHİ VE ZAMANI | |
| Denetim Alanı | 20181213155004.0 |
| 008 - SABİT-BOY VERİ ELEMANLARI - GENEL BİLGİLER | |
| Sabit Uzunlukta Kontrol Alanı | 161014b tu 000 0 |
| 040 ## - KATALOGLAMA KAYNAK | |
| Orijinal Kataloglama Ajansı | Milas |
| Kataloglama Dili | tur |
| Metne Dönüştürmek Ajansı | TR-AnCHP |
| 041 ## - DİL KODU | |
| Metin / Ses Parça Veya Ayrı Başlığın Dil Kodu | tur |
| 082 ## - DEWEY ONLU SINIFLANDIRMA NUMARASI | |
| Sınıflandırma Numarası | 956.22652 |
| Ürün Numarası | E42 1996 |
| 090 ## - SINIFLAMA NUMARASI | |
| Sınıflama Numarası | 956.22652 E42 1996 |
| 100 ## - ANA GİRİŞ - KİŞİSEL İSİM | |
| Kişisel Ad | Ekdal, Müfid |
| 245 ## - BAŞLIK TABLOSU | |
| Başlık | Bizans metropolünde ilk Türk köyü |
| Başlığın Kalan | Kadıköy |
| Sorumluluk Tablosu, Vb | Müfid Ekdal |
| 246 ## - UNVAN FORM VARYING | |
| Başlık Doğru / Kısa Başlığı | Kadıköy |
| 260 ## - YAYIN, DAĞITIM, VB | |
| Yayın, Dağıtım, Vb Yeri | İstanbul |
| Yayıncı, Dağıtıcı, Vs Adı | Kadıköy Belediyesi |
| Yayın, Dağıtım, Vb Tarihi | 1996 |
| 300 ## - FİZİKSEL TANIM | |
| Kapsam | 425 s. |
| Diğer Fiziksel Ayrıntıları | res. |
| Boyutlar | 24 sm. |
| 440 ## - SERİSİ TABLOSU / KATMA GİRİŞİ - BAŞLIK | |
| Başlık | Kadıköy Belediyesi yayınları |
| 490 ## - SERİSİ TABLOSU | |
| Seri Beyanı | Kültür ve Bilim Hizmetleri Dizisi |
| Hacim / Ardışık Tanımı | 1 |
| 504 ## - KAYNAKÇA VB NOT | |
| Kaynakça Vb Notu | Kaynakça var. |
| 650 ## - KONU KATMA GİRİŞ - TOPİKAL DÖNEM | |
| Topikal Süreli Veya Coğrafi Ad Giriş Elemanı | İstanbul |
| Genel Alt Bölümü | Tarih |
| Coğrafi Alt Bölümü | Kadıköy |
| 942 ## - EKLENDİ GİRİŞ ELEMANLARI (KOHA) | |
| Sınıflandırma Veya Raf Düzeni Kaynak | Dewey Decimal Classification |
| Koha Öğesi Türü | Books |
| 999 ## - SİSTEM KONTROL NUMARALARI (KOHA) | |
| Koha Biblionumber | 4402 |
| Koha Biblioitemnumber | 4402 |
| Kalıcı Konum | Mevcut Konum | Edinme Tarihi | Edinim Kaynak | Toplam Check-Out'Lar | Tam Çağrı Numarası | Barkod | Tarih Son Görülme | İtibaren Geçerli Fiyatlar | Koha Öğesi Türü |
|---|---|---|---|---|---|---|---|---|---|
| CHP Kütüphanesi | CHP Kütüphanesi | 10/14/2016 | Bağış | 956.22652 E42 1996 | 005747 | 10/14/2016 | 10/14/2016 | Books |
